000 00467nam a2200181Ia 4500
005 20250326144135.0
008 250326s9999 xx 000 0 und d
037 _aTextbook
040 _aFMSL
_beng
_cFMSL
041 _aeng
_2eng
084 _aYZ:f L5
_qFMSL
100 _aJohnson J M
_9749114
245 0 _aDoing field research
_cJohnson J M
260 _aNY
_bNY, Free
_c1975
300 _a222p
942 _cTB
_hYZ:f L5
999 _c1302533
_d1302533